Statistiche per Spazio Schengen

Clicka qui per fare il quiz!

Statistiche generali

  • Questo quiz è stato fatto 16 volte
  • Il punteggio medio è 25 su 27

Statistiche sulle risposte

Anno di adesioneNazione% Corretto
1995Belgio
100%
2023Croazia
100%
2007Estonia
100%
1995Francia
100%
1995Germania
100%
1997Italia
100%
2007Lettonia
100%
2007Lituania
100%
1995Lussemburgo
100%
1995Paesi Bassi
100%
1995Portogallo
100%
1995Spagna
100%
2001Svezia
100%
2007Ungheria
100%
2001Danimarca
92%
2000Grecia
92%
2001Norvegia
92%
2007Polonia
92%
2007Repubblica Ceca
92%
1997Austria
85%
2001Finlandia
85%
2007Slovacchia
85%
2007Slovenia
85%
2007Malta
77%
2008Svizzera
77%
2001Islanda
69%
2011Liechtenstein
62%

Distribuzione punteggi

Percentile per numero di risposta

Percentuale di utenti per punteggio

I tuoi punteggi nel tempo

Non hai fatto questo quiz